Catálogo público

Specimens of Edonata desired / (Record no. 201972)

MARC details
000 -CABECERA
campo de control de longitud fija 00749nam a2200265Ia 4500
001 - NÚMERO DE CONTROL
campo de control Para_3383
003 - IDENTIFICADOR DEL NÚMERO DE CONTROL
campo de control CHAP
008 - DATOS DE LONGITUD FIJA--INFORMACIÓN GENERAL
campo de control de longitud fija 220125s[199 xx 000 0 und d
010 ## - NÚMERO DE CONTROL DE LA BIBLIOTECA DEL CONGRESO
Número de control de LC 201972
040 ## - FUENTE DE LA CATALOGACIÓN
Centro/agencia transcriptor CHAP
082 ## - NÚMERO DE LA CLASIFICACIÓN DECIMAL DEWEY
Número de clasificación PA-C 632.9 C6
100 ## - ENTRADA PRINCIPAL--NOMBRE DE PERSONA
Nombre de persona Montgomery, B. Elwood
9 (RLIN) 77927
245 ## - MENCIÓN DE TÍTULO
Título Specimens of Edonata desired /
Mención de responsabilidad, etc. B. Elwood Montgomery
260 ## - PUBLICACIÓN, DISTRIBUCIÓN, ETC.
Lugar de publicación, distribución, etc. Lafayette :
Nombre del editor, distribuidor, etc. Purdue University
300 ## - DESCRIPCIÓN FÍSICA
Extensión 1 p.
500 ## - NOTA GENERAL
Nota general Encuadernado con: Nueva plaga del nopal/ Ricardo Coronado P.
650 ## - PUNTO DE ACCESO ADICIONAL DE MATERIA--TÉRMINO DE MATERIA
Término de materia o nombre geográfico como elemento de entrada Agricultura
Subdivisión general Plagas Libelulas
9 (RLIN) 166943
901 ## - ELEMENTOS DE DATOS A LOCAL LDA (RLIN)
a PA-C 632.9 C6
902 ## - ELEMENTOS DE DATOS B LOCAL, LDB (RLIN)
a A
905 ## - ELEMENTOS DE DATOS E LOCAL, LDE (RLIN)
a 000000[19--] LAF 0000000000 00
910 ## - DATOS DE OPCIÓN DEL USUARIO (OCLC)
Datos de opción del usuario [19-
942 ## - ELEMENTOS DE PUNTO DE ACCESO ADICIONAL (KOHA)
Tipo de ítem Koha Parasitologia_
942 ## - ELEMENTOS DE PUNTO DE ACCESO ADICIONAL (KOHA)
Tipo de ítem Koha Parasitologia_
-- 1
Holdings
Estado de retiro Estado de pérdida Fuente del sistema de clasificación o colocación Estado dañado Restricciones de uso No para préstamo Código de colección Localización permanente Ubicación/localización actual Ubicación en estantería Fecha de adquisición Información codificada de la localización en otra ubicación Total de préstamos Código de barras Fecha visto por última vez Precio válido a partir de Tipo de ítem Koha Nota pública
    Dewey Decimal Classification   Préstamo interno   Consulta Parasitologia Agricola Parasitologia Agricola   27/10/2005 PARA   PA_895-4 25/01/2022 25/01/2022 Libro 3